Methodicum chimicum: A crucial survey of proven methods and their application in chemistry, natural science and medicine. V 8 (Record no. 29611)

MARC details
000 -LEADER
fixed length control field 00369nam a2200109Ia 4500
082 ## - DEWEY DECIMAL CLASSIFICATION NUMBER
Classification number 054
Item number KOR.8
245 #0 - TITLE STATEMENT
Title Methodicum chimicum: A crucial survey of proven methods and their application in chemistry, natural science and medicine. V 8
260 ## - PUBLICATION, DISTRIBUTION, ETC. (IMPRINT)
Place of publication New York
Name of publisher Academic
Year of publication 1976
700 ## - ADDED ENTRY--PERSONAL NAME
Personal name Korte, Fridhelm
942 ## - ADDED ENTRY ELEMENTS (KOHA)
Koha item type Books
Holdings
Withdrawn status Lost status Damaged status Not for loan Home library Current library Date acquired Cost, normal purchase price Full call number Accession Number Koha item type
        RRII Library RRII Library 16/12/2021 861.08 054 KOR.8 10194 Books